Lighting
The book is long-establishedas the standard work for the teaching of light design and application. It fully complies with 1994 CIBSE lighting code and reflects new standards for road lighting; covers both interior and exterior lighting; contains sufficient data to solve most lighting design calculat...
Gespeichert in:
| 1. Verfasser: | |
|---|---|
| Format: | Buch |
| Sprache: | Undetermined |
| Veröffentlicht: |
London
Longman
1996
|
| Schlagworte: | |
| Tags: |
Tag hinzufügen
Keine Tags, Fügen Sie den ersten Tag hinzu!
|
| Thư viện lưu trữ: | Trung tâm Học liệu Trường Đại học Cần Thơ |
|---|
| LEADER | 00925nam a2200193Ia 4500 | ||
|---|---|---|---|
| 001 | CTU_18911 | ||
| 008 | 210402s9999 xx 000 0 und d | ||
| 082 | |a 621.32 | ||
| 082 | |b P961 | ||
| 100 | |a D C Pritchard | ||
| 245 | 0 | |a Lighting | |
| 245 | 0 | |c D C Pritchard | |
| 260 | |a London | ||
| 260 | |b Longman | ||
| 260 | |c 1996 | ||
| 520 | |a The book is long-establishedas the standard work for the teaching of light design and application. It fully complies with 1994 CIBSE lighting code and reflects new standards for road lighting; covers both interior and exterior lighting; contains sufficient data to solve most lighting design calculations; incorporates new material on lighting different types of interior; includes worked examples throughout to support key concepts | ||
| 650 | |a electric lighting,electrical engineering,lighting | ||
| 904 | |i Minh, 971001 | ||
| 980 | |a Trung tâm Học liệu Trường Đại học Cần Thơ | ||